00606nam a2200181 a 4500008004100000020002300041100001600064245010500080260003900185300002400224500003600248500002000284650003300304650006000337003000100397005001700398040000900415  a0412376806 (cased)1 aLyonnet, P.10aMaintenance planning :bmethods and mathematics /cP. Lyonnet ; English translation by Jack Howlett. aLondon :bChapman and Hall,c1991. ax, 224 p. ;c24 cm. aTranslation of: La maintenance. aIncludes index. 0aPlant maintenancexPlanning. 0aIndustrial equipmentxMaintenance and repairxPlanning.20230123133453.0 cNUST